000 00641nam a2200217Ia 4500
005 20241010095756.0
008 210716s2002 xx 000 0 und d
020 _a8125909397
040 _cAIMIT LIBRARY
041 _aeng
082 _a382.6
_21
_bKAPD
100 _aKapoor, D C.
_9182028
245 _aExport management /
_cBy D C Kapoor.
250 _a1st ed.
260 _aNew Delhi :
_bVikas Publishing House ,
_c2002.
300 _aviii,528p. ;
_bPB
_c24.9cm
650 _aExport promotion measures
_9182029
650 _aOrganising export
_9182030
650 _aExport marketing mix
_9182031
942 _2ddc
_cBK
_e1st
_k382.6 KAPD
999 _c199799
_d199799